000
003350000a22001450004500
005
20120302063337.0
942
_c
BOOK
100
_a
SAPRE, R.G.
245
_a
YOGIRAJANCHA ASHRAM
260
_a
MUMBAI : SAHITYA RASA MALA PRAKASHAN,1963
300
_a
101 P.
040
_a
MAR
365
_b
RS.2.50
650
_a
ADHYATMA / SANKIRNA
999
_c
359252
_d
359249